New evolutionary paradigm: Keynote Volume (Record no. 1378651)

MARC details
000 -LEADER
fixed length control field 00587nam a2200193Ia 4500
005 - DATE AND TIME OF LATEST TRANSACTION
control field 20250508162758.0
008 - FIXED-LENGTH DATA ELEMENTS--GENERAL INFORMATION
fixed length control field 008 250505s9999 xx 000 0 eng d
037 ## - SOURCE OF ACQUISITION
Stock number Textual
040 ## - CATALOGING SOURCE
Original cataloging agency FEDL
Language of cataloging eng
Transcribing agency FEDL
041 ## - LANGUAGE CODE
Language code of text/sound track or separate title eng
Source of code eng
084 ## - COLON CLASSIFICATION NUMBER
Classification number 575, LAS
Assigning agency FEDL
100 ## - MAIN ENTRY--PERSONAL NAME
Personal name Laszlo Ervin Ed.
9 (RLIN) 80221
245 #0 - TITLE STATEMENT
Title New evolutionary paradigm: Keynote Volume
260 ## - PUBLICATION, DISTRIBUTION, ETC.
Place of publication, distribution, etc. New York, USA
Name of publisher, distributor, etc. Gordon and Breach Science Publishers
Date of publication, distribution, etc. 1991
300 ## - PHYSICAL DESCRIPTION
Extent xxv,204p
490 ## - SERIES STATEMENT
Series statement The World futuresgeneral evolution studies
942 ## - ADDED ENTRY ELEMENTS (KOHA)
Koha item type Textual
Classification part 575, LAS
Holdings
Withdrawn status Lost status Damaged status Not for loan Home library Current library Date acquired Total Checkouts Full call number Barcode Date last seen Price effective from Koha item type
        Department of Education Library Department of Education Library 2025-05-08   575, LAS EL0071423 2025-05-08 2025-05-08 Textual
Copyright @ Delhi University Library System